Jusepe de Ribera (Record no. 1459)

MARC details
000 -CABECERA
campo de control de longitud fija 00805nam a2200217 a 4500
001 - NÚMERO DE CONTROL
campo de control BRCA_1663
005 - FECHA Y HORA DE LA ÚLTIMA TRANSACCIÓN
campo de control 20190320203510.0
008 - DATOS DE LONGITUD FIJA--INFORMACIÓN GENERAL
campo de control de longitud fija 830826s1982 us-a---##b---#000-0#eng-#
020 ## - NÚMERO INTERNACIONAL ESTÁNDAR DEL LIBRO
Número Internacional Estándar del Libro 0912804106
040 ## - FUENTE DE LA CATALOGACIÓN
Centro catalogador/agencia de origen DLC
Centro/agencia transcriptor DLC
Centro/agencia modificador DLC
050 #4 - SIGNATURA TOPOGRÁFICA DE LA BIBLIOTECA DEL CONGRESO
Número de clasificación ND813.R5
Número de documento/Ítem .J87 1982
245 10 - MENCIÓN DE TÍTULO
Título Jusepe de Ribera
Resto del título lo Spagnoletto, 1591-1652
Mención de responsabilidad, etc. edited by Craig Felton and William B. Jordan.
260 ## - PUBLICACIÓN, DISTRIBUCIÓN, ETC.
Lugar de publicación, distribución, etc. Fort Worth
Nombre del editor, distribuidor, etc. Kimbell Art Museum
Fecha de publicación, distribución, etc. 1982
300 ## - DESCRIPCIÓN FÍSICA
Extensión 241 p.
Otras características físicas il. (algunas a color)
Dimensiones 28 cm.
500 ## - NOTA GENERAL
Nota general Catálogo de la exposición realizada en el Kimbell Art Museum (Fort Worth), 4 diciembre, 1982 - 6 febrero, 1983
504 ## - NOTA DE BIBLIOGRAFÍA, ETC.
Nota de bibliografía, etc. Bibliografía: p. 234-241
600 14 - PUNTO DE ACCESO ADICIONAL DE MATERIA--NOMBRE DE PERSONA
Nombre de persona Ribera, José de
Fechas asociadas al nombre 1591-1652
Subdivisión de forma Exposiciones
9 (RLIN) 5134
700 1# - PUNTO DE ACCESO ADICIONAL--NOMBRE DE PERSONA
Nombre de persona Felton, Craig
9 (RLIN) 5183
700 1# - PUNTO DE ACCESO ADICIONAL--NOMBRE DE PERSONA
Nombre de persona Jordan, William B
Fechas asociadas al nombre 1940-
9 (RLIN) 5184
942 ## - ELEMENTOS DE PUNTO DE ACCESO ADICIONAL (KOHA)
Fuente del sistema de clasificación o colocación Library of Congress Classification
Tipo de ítem Koha Libros
Holdings
Estado de retiro Estado de pérdida Estado dañado No para préstamo Localización permanente Ubicación/localización actual Fecha de adquisición Total de préstamos Signatura topográfica completa Código de barras Fecha visto por última vez Precio válido a partir de Tipo de ítem Koha
El ejemplar forma parte de la colección y puede ser consultado según las políticas vigentes.       Biblioteca del Museo Franz Mayer (Rogerio Casas-Alatriste) Biblioteca del Museo Franz Mayer (Rogerio Casas-Alatriste) 27/06/2008   ND813.R5 .J87 1982 02236 22/03/2019 22/03/2019 Libros